Top 100 najlepszych piłkarzy w EA FC 24 - Statystyki

Ogólne statystyki
  • Ten quiz został rozwiązany 1 363 razy
  • Średni wynik to 60 z 100
Statystyki odpowiedzi
Klub Overall Narodowość Zawodnik % Poprawnych
PSG 91 Francja Kylian Mbappe
98%
Manchester City 91 Norwegia Erling Haaland
97%
Inter Miami 90 Argentyna Lionel Messi
95%
FC Barcelona 90 Polska Robert Lewandowski
95%
Manchester City 91 Belgia Kevin de Bruyne
93%
Bayern 90 Anglia Harry Kane
90%
Al-Hilal 89 Brazylia Neymar
88%
Al-Ittihad 90 Francja Karim Benzema
86%
Liverpool 89 Egipt Mohamed Salah
86%
Al-Nassr 86 Portugalia Cristiano Ronaldo
84%
Real Madryt 89 Brazylia Vinicius Junior
82%
Manchester City 89 Hiszpania Rodri
81%
FC Barcelona 89 Niemcy Marc-Andre ter Stegen
79%
Liverpool 89 Holandia Virgil van Dijk
78%
Real Madryt 87 Chorwacja Luka Modrić
77%
Liverpool 89 Brazylia Alisson
76%
Real Madryt 88 Urugwaj Federico Valverde
76%
Atletico Madryt 88 Słowenia Jan Oblak
76%
Juventus 86 Polska Wojciech Szczęsny
76%
Real Madryt 90 Belgia Thibaut Courtois
75%
Manchester United 89 Brazylia Casemiro
74%
Inter Mediolan 87 Argentyna Lautaro Martinez
74%
Manchester City 88 Portugalia Bernardo Silva
73%
Manchester United 88 Portugalia Bruno Fernandes
73%
Tottenham 87 Korea Płd. Hueng-min Son
73%
Aston Villa 85 Argentyna Emiliano Martinez
72%
Manchester City 89 Portugalia Ruben Dias
71%
FC Barcelona 87 Holandia Frenkie de Jong
70%
Manchester City 88 Brazylia Ederson
69%
Real Madryt 86 Anglia Jude Bellingham
69%
Arsenal 87 Norwegia Martin Odegaard
69%
Al-Nassr 86 Senegal Sadio Mane
69%
Bayern 88 Niemcy Joshua Kimmich
68%
PSG 87 Włochy Gianluigi Donnarumma
67%
Atletico Madryt 88 Francja Antoine Griezmann
66%
Bayern 87 Niemcy Manuel Neuer
66%
FC Barcelona 86 Hiszpania Pedri
66%
Real Madryt 85 Brazylia Rodrygo
65%
Real Madryt 86 Niemcy Toni Kroos
65%
AC Milan 86 Portugalia Rafael Leao
64%
Napoli 88 Nigeria Victor Osimhen
64%
Borussia Dortmund 87 Szwajcaria Gregor Kobel
63%
Al-Ittihad 86 Francja N'golo Kante
63%
FC Barcelona 86 Urugwaj Ronald Araujo
63%
Roma 86 Argentyna Paulo Dybala
62%
PSG 86 Francja Ousmane Dembele
61%
Arsenal 86 Anglia Bukayo Saka
60%
FC Barcelona 86 Niemcy Ilkay Gundogan
60%
PSG 86 Włochy Marco Verratti
59%
Liverpool 86 Szkocja Andrew Robertson
58%
FC Barcelona 86 Portugalia Joao Cancelo
58%
Real Madryt 85 Niemcy Antonio Rudiger
57%
Real Madryt 85 Austria David Alaba
57%
Real Madryt 86 Brazylia Eder Militao
57%
Bayern 86 Niemcy Jamal Musiala
57%
Napoli 86 Gruzja Khvicha Kvaratskhelia
56%
AC Milan 87 Francja Mike Maignan
56%
Al-Ahli 86 Algieria Riyad Mahrez
56%
PSG 85 Kostaryka Keylor Navas
55%
Manchester City 85 Anglia Phil Foden
55%
Al-Hilal 86 Serbia Sergej Milinković-Savić
55%
PSG 87 Brazylia Marquinhos
54%
Bayern 86 Holandia Matthijs de Ligt
54%
Liverpool 86 Anglia Trent Alexander-Arnold
54%
Manchester United 85 Kamerun Andre Onana
53%
Liverpool 84 Kolumbia Luis Diaz
53%
Inter Mediolan 86 Włochy Nicolo Barella
53%
FC Barcelona 85 Francja Jules Kounde
52%
AC Milan 85 Francja Theo Hernandez
51%
Newcastle 86 Włochy Sandro Tonali
50%
Villarreal 86 Hiszpania Daniel Parejo
49%
Arsenal 85 Ghana Thomas Partey
49%
Bayer Leverkusen 85 Niemcy Florian Wirtz
48%
Chelsea 86 Francja Christopher Nkunku
46%
Arsenal 84 Brazylia Gabriel Jesus
46%
Arsenal 84 Brazylia Gabriel Martinelli
46%
Bayern 85 Niemcy Leon Goretzka
46%
FC Barcelona 84 Brazylia Raphinha
46%
Lazio 85 Włochy Ciro Immobile
45%
Manchester City 85 Anglia Jack Grealish
45%
Manchester City 85 Anglia John Stones
45%
Al-Nassr 85 Hiszpania Aymeric Laporte
44%
Liverpool 85 Portugalia Diogo Jota
44%
Bayern 85 Francja Kingsley Coman
44%
Arsenal 84 Brazylia Gabriel
43%
Inter Mediolan 85 Turcja Hakan Calhanoglu
43%
Manchester United 85 Anglia Marcus Rashford
43%
Manchester United 85 Francja Raphael Varane
43%
Celta Vigo 85 Hiszpania Iago Aspas
42%
Arsenal 85 Anglia Declan Rice
41%
Sassuolo 85 Włochy Domenico Berardi
41%
Inter Mediolan 85 Włochy Alessandro Bastoni
40%
Roma 84 Anglia Chris Smalling
38%
Al-Hilal 85 Maroko Yassine Bounou
38%
Sevilla 85 Argentyna Marcos Acuna
37%
PSG 84 Francja Randal Kolo Muani
37%
Napoli 85 Włochy Giovanni di Lorenzo
36%
Newcastle 85 Anglia Kieran Trippier
36%
Newcastle 84 Brazylia Bruno Guimaraes
35%
Eintracht 85 Niemcy Kevin Trapp
33%
Nie znaleziono quizów pasujących do podanych kryteriów
Rozkład punktacji
Procent ludzi z każdym wynikiem
Percentyl według liczby udzielonych odpowiedzi
Twoja historia wyników
Nie rozwiązałeś tego quizu